College Quizbowl Stats
College Quizbowl Stats
Circuits
Seasons
Sets
Records
Detailed Stats
About
Loading...
2024 ACF Regionals @ Nebraska
Tossups
Bonuses
Players
Teams
Categories (Tossup)
Categories (Bonus)
Laura Jones
Appalachian State A
Categories
Category
Powers
Gets
Negs
BBs
Points
Earliest Buzz
Avg. Buzz
First Buzzes
Top 3 Buzzes
BPA
PVF
Other
0
1
1
0
5
75
75.00
0
0
0.00
0.00
Social Science
0
1
1
1
5
85
85.00
0
0
0.00
0.00
Science - Chemistry
0
0
0
0
0
0.00
0
0
0.00
0.00
Fine Arts - Classical Music
0
0
1
0
-5
0.00
0
0
0.00
0.00
Buzzes
Category
Answer
Value
Buzz Position
Other
fanfiction
10
75
Other
food waste
-5
80
Social Science
American Sign Language
10
85
Social Science
Neolithic Revolution
-5
91
Science - Chemistry
stereoselectivity
0
104
Fine Arts - Classical Music
Gloria
-5
119
Fine Arts - Classical Music
piano competitions
0
136
Previous
1
Next